Statistiques concernant Filmographie de John Cassavetes

Cliquez ici pour prendre le quiz!

Statistiques générales

  • Ce quiz a été pris 11 fois
  • Le résultat moyen est 6 sur 12

Statistiques - réponses

HintRéponse% Correct
1980Gloria
82%
1974Une femme sous influence (A Woman Under the Influence)
82%
1977Opening Night
73%
1968Faces
64%
1970Husbands
64%
1976Meurtre d'un bookmaker chinois ou Le Bal des vauriens (The Killing of a Chinese Bookie)
64%
1959Shadows
64%
1984Love Streams
36%
1971Minnie et Moskowitz (Minnie and Moskowitz)
36%
1985Big Trouble
9%
1961Too Late Blues
9%
1963Un enfant attend (A Child Is Waiting)
9%

Distribution des résultats

Percentile par nombre de réponses

% des personnes avec chaque résultat

Votre développement - résultats

Vous n’avez pas pris ce quiz